<?xml version="1.0" encoding="UTF-8"?><?xml-stylesheet type="text/xsl" href="static/style.xsl"?><OAI-PMH xmlns="http://www.openarchives.org/OAI/2.0/" xmlns:xsi="http://www.w3.org/2001/XMLSchema-instance" xsi:schemaLocation="http://www.openarchives.org/OAI/2.0/ http://www.openarchives.org/OAI/2.0/OAI-PMH.xsd"><responseDate>2026-04-14T18:17:52Z</responseDate><request verb="GetRecord" identifier="oai:uvadoc.uva.es:10324/51137" metadataPrefix="marc">https://uvadoc.uva.es/oai/request</request><GetRecord><record><header><identifier>oai:uvadoc.uva.es:10324/51137</identifier><datestamp>2022-01-05T12:33:59Z</datestamp><setSpec>com_10324_1148</setSpec><setSpec>com_10324_931</setSpec><setSpec>com_10324_894</setSpec><setSpec>com_10324_28025</setSpec><setSpec>com_10324_954</setSpec><setSpec>col_10324_1270</setSpec><setSpec>col_10324_28026</setSpec></header><metadata><record xmlns="http://www.loc.gov/MARC21/slim" xmlns:doc="http://www.lyncode.com/xoai" xmlns:xsi="http://www.w3.org/2001/XMLSchema-instance" xmlns:dcterms="http://purl.org/dc/terms/" xsi:schemaLocation="http://www.loc.gov/MARC21/slim http://www.loc.gov/standards/marcxml/schema/MARC21slim.xsd">
<leader>00925njm 22002777a 4500</leader>
<datafield tag="042" ind1=" " ind2=" ">
<subfield code="a">dc</subfield>
</datafield>
<datafield tag="720" ind1=" " ind2=" ">
<subfield code="a">Santos Tejido, Iván</subfield>
<subfield code="e">author</subfield>
</datafield>
<datafield tag="720" ind1=" " ind2=" ">
<subfield code="a">Caballo Zulueta, Ana</subfield>
<subfield code="e">author</subfield>
</datafield>
<datafield tag="720" ind1=" " ind2=" ">
<subfield code="a">Aboy Cebrián, María</subfield>
<subfield code="e">author</subfield>
</datafield>
<datafield tag="720" ind1=" " ind2=" ">
<subfield code="a">Marqués Cuesta, Luis Alberto</subfield>
<subfield code="e">author</subfield>
</datafield>
<datafield tag="720" ind1=" " ind2=" ">
<subfield code="a">López Martín, Pedro</subfield>
<subfield code="e">author</subfield>
</datafield>
<datafield tag="720" ind1=" " ind2=" ">
<subfield code="a">Pelaz Montes, María Lourdes</subfield>
<subfield code="e">author</subfield>
</datafield>
<datafield tag="260" ind1=" " ind2=" ">
<subfield code="c">2022</subfield>
</datafield>
<datafield tag="520" ind1=" " ind2=" ">
<subfield code="a">Emergent alternative Si processes and devices have promoted applications outside the usual processing temperature window and the failure of traditional defect kinetics models. These models are based on Ostwald ripening mechanisms, assume pre-established defect configurations and neglect entropic contributions. We performed molecular dynamics simulations of self-interstitial clustering in Si with no assumptions on preferential defect configurations. Relevant identified defects were characterized by their formation enthalpy and vibrational entropy calculated from their local vibrational modes. Our calculations show that entropic terms are key to understand defect kinetics at high temperature. We also show that for each cluster size, defect configurations may appear in different crystallographic orientations and transformations among these configurations are often hampered by energy barriers. This induces the presence of non-expected small-size defect cluster configurations that could be associated to optical signals in low temperature processes. At high temperatures, defect dynamics entails mobility and ripening through a coalescence mechanism.</subfield>
</datafield>
<datafield tag="024" ind2=" " ind1="8">
<subfield code="a">Nuclear Instruments and Methods in Physics Research Section B: Beam Interactions with Materials and Atoms, 2022, vol. 512, p. 54-59</subfield>
</datafield>
<datafield tag="024" ind2=" " ind1="8">
<subfield code="a">0168-583X</subfield>
</datafield>
<datafield tag="024" ind2=" " ind1="8">
<subfield code="a">https://uvadoc.uva.es/handle/10324/51137</subfield>
</datafield>
<datafield tag="024" ind2=" " ind1="8">
<subfield code="a">10.1016/j.nimb.2021.12.002</subfield>
</datafield>
<datafield tag="024" ind2=" " ind1="8">
<subfield code="a">54</subfield>
</datafield>
<datafield tag="024" ind2=" " ind1="8">
<subfield code="a">59</subfield>
</datafield>
<datafield tag="024" ind2=" " ind1="8">
<subfield code="a">Nuclear Instruments and Methods in Physics Research Section B: Beam Interactions with Materials and Atoms</subfield>
</datafield>
<datafield tag="024" ind2=" " ind1="8">
<subfield code="a">512</subfield>
</datafield>
<datafield tag="245" ind1="0" ind2="0">
<subfield code="a">Extending defect models for Si processing: The role of energy barriers for defect transformation, entropy and coalescence mechanism</subfield>
</datafield>
</record></metadata></record></GetRecord></OAI-PMH>